Turkish 2010s Music Quiz: Name the Artist - Statistics

General Stats
  • This quiz has been taken 42 times
  • The average score is 14 of 30
Answer Stats
Song Release Date Artist % Correct
Yolla 2017 Tarkan
90%
İltimas 2014 Gülşen & Murat Boz
77%
Prenses 2014 Hadise
77%
Yan benimle 2016 Sıla
67%
Saz mı caz mı? 2018 Çağla
63%
Beni sev 2018 Hande Yener
63%
Cevapsız çınlama 2016 Emrah Karaduman & Aleyna Tilki
60%
Hoşçakal 2010 Emre Aydın
60%
Kulüp 2017 Ozan Doğulu & Demet Akalın
60%
Üzülmedin mi? 2017 Simge
57%
Çok çok 2017 Edis
53%
Aya 2019 Murda & Ezhel
53%
Olsun 2016 Sertab Erener
53%
Yakar geçerim 2011 Ajda Pekkan
50%
Öyle kolaysa 2018 Mabel Matiz
50%
Evlenmene bak 2016 İrem Derici
43%
Ben olsaydım 2015 Mustafa Sandal
43%
Okyanus 2016 Derya Uluğ
40%
Uzaktan 2012 Göksel
40%
Bulutlara esir olduk 2016 Oğuzhan Koç
40%
Sultanım 2015 Mustafa Ceceli
33%
Ben ne yangınlar gördüm 2017 Ebru Yaşar
30%
İki Aşık 2017 Ersay Üner
30%
İçimdeki duman 2016 İlyas Yalçıntaş
27%
Yaş hikayesi 2015 Merve Özbey
27%
Söyle zalim sultan 2018 Doğukan Manço & Emre Altuğ
23%
Narin yarim 2016 Banu Parlak
17%
Gizli aşk 2018 Feride Hilal Akın & Hakan Tunçbilek
17%
Ne farkeder 2013 Gökhan Özen
13%
Hüznün gemileri 2018 Ekin Uzunlar
7%
No matching quizzes found
Score Distribution
Percent of People with Each Score
Percentile by Number Answered
Your Score History
You have not taken this quiz